Science Quiz - Statistics

General Stats
  • This quiz has been taken 60 times
  • The average score is 3 of 7
Answer Stats
Hint Answer % Correct
True or False: Bananas are radioactive. True
96%
What is the chemical version of carbon dioxide? CO2
85%
What is the powerhouse of the cell? Mitochondria
79%
What is the name of the upper arm bone? Humerus
40%
How do bacteria reproduce? Asexually
21%
And how do they do that? Binary Fission
15%
What is the scientific name of the dog? Canis Lupus Familiaris
8%
No matching quizzes found
Score Distribution
Percent of People with Each Score
Percentile by Number Answered
Your Score History
You have not taken this quiz